000 00681nam a2200289Ia 4500
005 20260324142552.0
008 008 260324s9999 xx 000 0 eng d
020 _a9781315863788
037 _aEBOOK
040 _aCRL
040 _beng
040 _cCRL
041 _2eng
041 _aeng
084 _qCRL
100 _aBert Rosenbloom
_91212432
245 0 _aWholesale Distribution Channels
245 0 _bNew Insights and Perspectives
260 _bTaylor and Francis
260 _c1994
365 _a
365 _b245
856 _uhttp://www.taylorfrancis.com/books/9781315863788
942 _cEBOOK
999 _c1816764
_d1816764